El libro del comercio electrónico / (Record no. 195521)

MARC details
000 -LEADER
campo de control de longitud fija 02100nam a2200433 i 4500
001 - NÚMERO DE CONTROL
campo de control 195521
003 - IDENTIFICADOR DE NÚMERO DE CONTROL
campo de control SpMaBN
005 - FECHA Y HORA DE LA ÚLTIMA TRANSACCIÓN
campo de control 20250901102756.0
008 - DATOS DE LONGITUD FIJA--INFORMACIÓN GENERAL
campo de control de longitud fija 240619s2010 sp a | ||||o000 0 spa
015 ## - NÚMERO DE BIBLIOGRAFÍA NACIONAL
Número de bibliografía nacional MON10
017 ## - NÚMERO DE COPYRIGHT O DE DEPÓSITO LEGAL
Número de copyright o de depósito legal M 11383-2010
Agencia que asigna Oficina Depósito Legal Madrid
020 ## - NÚMERO INTERNACIONAL ESTÁNDAR DEL LIBRO
Número Internacional Estándar del Libro 9788473566650
035 ## - NÚMERO DE CONTROL DEL SISTEMA
Número de control de sistema (OCoLC)638855132
040 ## - FUENTE DE CATALOGACIÓN
Centro catalogador/agencia de origen SpMaBN
Lengua de catalogación spa
Centro/agencia transcriptor SpMaBN
Normas de descripción rdc
Centro/agencia modificador ES-MaACL
080 ## - NÚMERO DE LA CLASIFICACIÓN DECIMAL UNIVERSAL
Número de la Clasificación Decimal Universal 658.8:004.738.5
245 03 - MENCIÓN DEL TÍTULO
Título El libro del comercio electrónico /
Mención de responsabilidad, etc. coordinador, Eduardo Liberos ; autores, Eduardo Liberos, Ignacio Somalo, Juan Gil, Rafael García del Poyo, Juan Antonio Merino
260 ## - PUBLICACIÓN, DISTRIBUCIÓN, ETC.
Lugar de publicación, distribución, etc. Pozuelo de Alarcón, Madrid :
Nombre del editor, distribuidor, etc. ESIC Editorial,
Fecha de publicación, distribución, etc. 2010.
300 ## - DESCRIPCIÓN FÍSICA
Extensión 403 páginas :
Otras características físicas ilustrado, gráficos ;
Dimensiones 24 cm
336 ## - TIPO DE CONTENIDO
Fuente rdacontent
Término de tipo de contenido texto
337 ## - TIPO DE MEDIO
Fuente rdamedia
Nombre/término del tipo de medio sin mediación
338 ## - TIPO DE SOPORTE
Fuente rdacarrier
Nombre/término del tipo de soporte volumen
490 0# - MENCIÓN DE SERIE
Mención de serie Libros profesionales de empresa
504 ## - NOTA DE BIBLIOGRAFÍA, ETC.
Nota de bibliografía, etc. Bibliografía: páginas [385]-403
520 ## - RESUMEN, ETC.
Sumario, etc. El comercio electrónico en España mueve más 2.000 millones de euros al año con un crecimiento de dos dígitos en los últimos años… ¿cómo podemos vender eficazmente a través de Internet?<br/>El Libro del Comercio Electrónico es una obra ambiciosa e innovadora realizada por los más reconocidos profesionales del Comercio Electrónico en España y a nivel mundial.
650 #7 - PUNTO DE ACCESO ADICIONAL DE MATERIA--TÉRMINO DE MATERIA
Término de materia o nombre geográfico como elemento de entrada Comercio electrónico
Fuente del encabezamiento o término embne
9 (RLIN) 11167
700 1# - ENTRADA AGREGADA--NOMBRE PERSONAL
Nombre de persona Liberos, Eduardo
9 (RLIN) 237134
Término indicativo de función/relación Editor
700 1# - ENTRADA AGREGADA--NOMBRE PERSONAL
Nombre de persona Somalo, Ignacio
Término indicativo de función/relación Autor
9 (RLIN) 238815
700 1# - ENTRADA AGREGADA--NOMBRE PERSONAL
Nombre de persona García del Poyo, Rafael
Término indicativo de función/relación Autor
9 (RLIN) 238816
700 1# - ENTRADA AGREGADA--NOMBRE PERSONAL
Nombre de persona Rabadán, Juan Gil
Término indicativo de función/relación Donante
9 (RLIN) 238817
700 1# - ENTRADA AGREGADA--NOMBRE PERSONAL
Nombre de persona Merino, Juan Antonio
Término indicativo de función/relación Donante
9 (RLIN) 238818
852 ## - LOCALIZACIÓN
Ubicación ES-MaACL
Ubicación en estantería Depósito J
Número de control de estantería N-10032
Donativo/Legado Donación: Helena de la Joya
Encuadernación Encuadernación rústica con solapas
itemnumber 206179
903 ## - NOMBRE PERSONAL DE DONANTE
a Joya, Helena de la
e Donante
942 ## - ELEMENTOS DE ENTRADA SECUNDARIOS (KOHA)
Tipo de ítem Koha Libro impreso
Suprimir en OPAC No
Holdings
Estatus retirado Estado de pérdida Fuente del sistema de clasificación o colocación Estado de daño No para préstamo Biblioteca de origen Biblioteca actual Ubicación en estantería Fecha de adquisición Fuente de adquisición Total de préstamos Signatura topográfica completa Código de barras Visto por última vez Precio de reemplazo Tipo de ítem Koha
    Clasificación decimal universal     Biblioteca del Ateneo de Madrid Biblioteca del Ateneo de Madrid Depósito J 09/07/2025 Donación   N-10032 2025-0570 09/07/2025 09/07/2025 Libro impreso